• 首页
  • 本馆介绍
  • 公告通知
  • 最新文献
  • 馆藏检索
  • 电子资源
  • 读者导购
  • 参考咨询
  • 我的图书馆
  • 登录
  • 详细信息显示
  • 放入我的书架
  • 预约/预借图书
  • 作者相关作品
  • 分类相关作品
  • 丛书相关作品
  • 出版社相关作品

书目信息

  • 表格格式
  • 工作单格式
  • 卡片格式
题名:
新你的革命
    
 
作者: 黄援 著
分册:  
出版信息: 天津   天津人民出版社  2008
页数: 241页
开本: 24cm
丛书名:
单 册:
中图分类: R151.1
科图分类:
主题词: 减肥--基本知识 , 减肥
电子资源:
ISBN: 978-7-201-05918-1
000 01080nam0 2200265 45
001 1138483531
005 20110419101112.67
010    @a978-7-201-05918-1@dCNY35.00
100    @a20110409d2008 ekmy0chiy0120 ea
101 0  @achi@aeng
102    @aCN@b120000
105    @aa z 000yy
106    @ar
200 1  @a新你的革命@AXin Ni De Ge Ming@dNew you revolution@e10周脱胎换骨减肥法@E10 Zhou Tuo Tai Huan Gu Jian Fei Fa@f(美)黄援著@F( Mei ) Huang Yuan Zhu@zeng
210    @a天津@c天津人民出版社@d2008
215    @a241页@c图@d24cm
330    @a本书共分四篇:第一篇,新你的革命;第二篇,肥与减肥;第三篇,新你的革命减肥理念;第四篇,10周脱胎换骨减肥法。讲述如何健康地看待自己的身体,重新找到自己,爱自己;如何健康地看待食物,学会营养身体的智慧;如何健康地看待运动,学会活动身体的智慧。
510 1  @aNew you revolution@zeng
517 1  @a10周脱胎换骨减肥法@A10 Zhou Tuo Tai Huan Gu Jian Fei Fa
606 0  @a减肥@x基本知识
606 0  @a减肥
690    @aR151.1@v4
701  0 @a黄援@AHuang Yuan@4著
801  0 @aCN@bTANGWEI@c20110419
905    @b0536118-22@dR151.1@e100@f5
    
    新你的革命=New you revolution:10周脱胎换骨减肥法/(美)黄援著.-天津:天津人民出版社,2008
    241页:图;24cm
    
    
    ISBN 978-7-201-05918-1:CNY35.00
    本书共分四篇:第一篇,新你的革命;第二篇,肥与减肥;第三篇,新你的革命减肥理念;第四篇,10周脱胎换骨减肥法。讲述如何健康地看待自己的身体,重新找到自己,爱自己;如何健康地看待食物,学会营养身体的智慧;如何健康地看待运动,学会活动身体的智慧。
●
相关链接 在E读中查询图书 在五车中查询图书 在当当中查询图书 在豆瓣中查询图书


正题名:新你的革命     索取号:R151.1/100         预约/预借

序号 登录号 条形码 馆藏地/架位号 状态 备注
1 0536118   205361188   第二样本阅览室/ [索取号:R151.1/100] 在馆    
2 0536119   205361197   第三借阅区/ [索取号:R151.1/100] 在馆    
3 0536120   205361204   第三借阅区/ [索取号:R151.1/100] 在馆    
4 0536121   205361213   第三借阅区/ [索取号:R151.1/100] 在馆    
5 0536122   205361222   第三借阅区/ [索取号:R151.1/100] 在馆    
唐山师范学院图书馆 欢迎您!
大连网信软件有限公司© 版权所有